Highest GDP Chinese Cities - Statistics

General Stats
  • This quiz has been taken 110 times
    99 since last reset
  • The average score is 9 of 10
Answer Stats
GDP in US Dollar City % Correct
619 b Beijing
100%
664 b Shanghai
100%
429 b Guangzhou
99%
433 b Chongqing
95%
482 b Shenzhen
95%
281 b Wuhan
92%
360 b Hong Kong
91%
310 b Chengdu
82%
279 b Hangzhou
82%
356 b Suzhou
59%
No matching quizzes found
Score Distribution
Percent of People with Each Score
Percentile by Number Answered
Your Score History
You have not taken this quiz since the last reset